000 00338nam a22001337a 4500
020 _a0256083770
082 _222
_a338.5
100 _aHyman, David N.
245 _aModern micro economics :
_banalysis and application /
250 _a3rd ed.
260 _aUSA,
_bIrwin,
_cc1993.
300 _axxv, 658p. ;
_bill. ;
_c24 cm.
942 _2ddc
_cGEN
999 _c2715
_d2715